[Event "BL 1213 SG Turm Trier - SV Griesheim"]
[Site "?"]
[Date "2013.03.16"]
[Round "11.8"]
[White "Kolbus, Dietmar"]
[Black "Hahn, Werner"]
[Result "0-1"]
[WhiteElo "2302"]
[BlackElo "2171"]
[PlyCount "82"]
[EventDate "2013.??.??"]

1. c4 g6 2. e4 Bg7 3. d4 d6 4. Nc3 Nf6 5. Bd3 O-O 6. Nge2 e5 7. d5 Nbd7 8. f3
Ne8 9. Be3 Bh6 10. Qd2 Bxe3 11. Qxe3 Nc5 12. O-O-O a6 13. h4 Bd7 14. h5 b5 15.
cxb5 axb5 16. b4 Na4 17. Bc2 Nb6 18. Bb3 Nc4 19. Bxc4 bxc4 20. Kb2 c6 21. a3 c5
22. bxc5 Qb8+ 23. Kc1 dxc5 24. Nb1 Qd6 25. Nec3 Nc7 26. Qh6 Rfb8 27. hxg6 Qxg6
28. d6 Ne8 29. Qe3 Rb3 30. g4 Rab8 31. Rh6 Qg7 32. Rdh1 R8b6 33. Rxh7 Qxh7 34.
Rxh7 Kxh7 35. Qxc5 f6 36. Qxc4 Nxd6 37. Qc7 Rxb1+ 38. Kc2 R1b2+ 39. Kd3 Nf7 40.
Nd5 R6b3+ 41. Kc4 Bb5+ 0-1

[Event "BL 1213 SG Solingen - Werder Bremen"]
[Site "?"]
[Date "2013.03.16"]
[Round "11.4"]
[White "Sandipan, Chanda"]
[Black "Hracek, Zbynek"]
[Result "1/2-1/2"]
[WhiteElo "2596"]
[BlackElo "2612"]
[PlyCount "81"]
[EventDate "2013.??.??"]

1. d4 Nf6 2. c4 e6 3. g3 d5 4. Nf3 dxc4 5. Bg2 Bd7 6. Ne5 Bc6 7. Nxc6 Nxc6 8.
O-O Qd7 9. e3 Nd5 10. Qe2 h5 11. Qxc4 h4 12. Nc3 O-O-O 13. Rd1 hxg3 14. hxg3 f5
15. Qe2 Bb4 16. Bd2 Kb8 17. Rac1 Bxc3 18. bxc3 Nf6 19. Rb1 Ne4 20. Be1 g5 21.
Qb5 b6 22. c4 g4 23. a4 Ne7 24. a5 Qxb5 25. Rxb5 Ng5 26. axb6 axb6 27. c5 Nf3+
28. Kf1 Nd5 29. cxb6 c6 30. Rc5 Kb7 31. Ke2 Nxe1 32. Rxe1 Kxb6 33. Rb1+ Kc7 34.
Rbc1 Rd6 35. Ra5 Rb8 36. Ra7+ Rb7 37. Rxb7+ Kxb7 38. Kd3 Rd8 39. e4 fxe4+ 40.
Kxe4 Rf8 41. Rf1 1/2-1/2

[Event "BL 1213 SG Solingen - Werder Bremen"]
[Site "?"]
[Date "2013.03.16"]
[Round "11.5"]
[White "Babula, Vlastimil"]
[Black "Smeets, Jan"]
[Result "1/2-1/2"]
[WhiteElo "2585"]
[BlackElo "2613"]
[PlyCount "84"]
[EventDate "2013.??.??"]

1. d4 d5 2. c4 c6 3. Nf3 Nf6 4. Nc3 dxc4 5. a4 Bf5 6. Nh4 Bd7 7. e4 Bg4 8. f3
Be6 9. Be2 Na6 10. O-O Nb4 11. f4 g6 12. f5 gxf5 13. Nxf5 Qd7 14. Bf4 O-O-O 15.
Be5 Rg8 16. Qd2 Ng4 17. Bxg4 Rxg4 18. Nb5 cxb5 19. Qxb4 Bxf5 20. Qc5+ Qc6 21.
Qxc6+ bxc6 22. Rxf5 f6 23. Bg3 b4 24. Rc5 Rxe4 25. Rxc6+ Kd7 26. Rxc4 e5 27.
Bf2 a6 28. Re1 Rxe1+ 29. Bxe1 Ke6 30. dxe5 fxe5 31. Bxb4 Bxb4 32. Rxb4 Rf8 33.
Rb6+ Kd5 34. Rxa6 e4 35. Ra7 e3 36. Re7 Kd4 37. a5 Kd3 38. Rd7+ Kc2 39. Re7 Kd2
40. Rd7+ Kc2 41. Re7 Kd2 42. Rd7+ Kc2 1/2-1/2

[Event "BL 1213 SG Solingen - Werder Bremen"]
[Site "?"]
[Date "2013.03.16"]
[Round "11.8"]
[White "Naumann, Alexander"]
[Black "Joachim, Sven"]
[Result "1-0"]
[WhiteElo "2535"]
[BlackElo "2436"]
[PlyCount "47"]
[EventDate "2013.??.??"]

1. d4 Nf6 2. c4 g6 3. Nc3 Bg7 4. e4 d6 5. Nf3 O-O 6. Be2 e5 7. O-O Nc6 8. d5
Ne7 9. Ne1 Nd7 10. Be3 f5 11. f3 f4 12. Bf2 g5 13. Rc1 Rf6 14. Nd3 Rh6 15. c5
Qe8 16. Nb5 Qh5 17. h4 gxh4 18. Kh2 Qg5 19. Nxc7 Rg6 20. Rg1 Nxc5 21. Rxc5 dxc5
22. Nxa8 c4 23. Nxf4 exf4 24. d6 1-0

[Event "BL 1213 SV Wattenscheid - Turm Emsdette"]
[Site "?"]
[Date "2013.03.16"]
[Round "11.2"]
[White "Rustemov, Alexander"]
[Black "Mchedlishvili, Mikheil"]
[Result "1-0"]
[WhiteElo "2544"]
[BlackElo "2651"]
[PlyCount "83"]
[EventDate "2013.??.??"]

1. c4 e5 2. g3 Nc6 3. Bg2 Nf6 4. Nc3 Bb4 5. Nd5 Bc5 6. d3 h6 7. e3 O-O 8. Ne2
a6 9. O-O d6 10. h3 Ba7 11. Bd2 Bf5 12. Bc3 Nxd5 13. cxd5 Ne7 14. Kh2 c6 15.
dxc6 Nxc6 16. d4 Qe7 17. Qd2 Rad8 18. Rae1 e4 19. d5 Ne5 20. Nf4 Rfe8 21. Qc2
Bh7 22. Qd1 Rc8 23. Qe2 Qd7 24. Rc1 Bc5 25. Rfd1 b5 26. a3 Bb6 27. g4 Qe7 28.
Nh5 Bg6 29. Bxe5 Qxe5+ 30. Nf4 Bh7 31. Kg1 Rc5 32. Rxc5 Bxc5 33. b4 Bb6 34. a4
bxa4 35. Qxa6 Rb8 36. Qxa4 Qc3 37. Ne2 Qc4 38. Nd4 Bxd4 39. Rxd4 Qc1+ 40. Bf1
Bg6 41. Qc6 Rc8 42. Rc4 1-0

[Event "BL 1213 SV Wattenscheid - Turm Emsdette"]
[Site "?"]
[Date "2013.03.16"]
[Round "11.3"]
[White "Swiercz, Dariusz"]
[Black "Czarnota, Pawel"]
[Result "1/2-1/2"]
[WhiteElo "2609"]
[BlackElo "2536"]
[PlyCount "58"]
[EventDate "2013.??.??"]

1. d4 Nf6 2. c4 g6 3. Nc3 Bg7 4. e4 d6 5. Nf3 O-O 6. Be2 e5 7. O-O Na6 8. Re1
Qe8 9. Bf1 Bg4 10. d5 Nb4 11. Be2 a5 12. Be3 Na6 13. Rb1 Bd7 14. Nd2 Kh8 15. b3
Ng8 16. a3 f5 17. f3 Bh6 18. Bxh6 Nxh6 19. b4 axb4 20. axb4 Qe7 21. Qc1 Nf7 22.
Qb2 c5 23. dxc6 bxc6 24. Ra1 Rfb8 25. b5 Nc5 26. Nb3 Nxb3 27. Qxb3 Ng5 28. Rxa8
Rxa8 29. bxc6 Bxc6 1/2-1/2

[Event "BL 1213 SV Wattenscheid - Turm Emsdette"]
[Site "?"]
[Date "2013.03.16"]
[Round "11.4"]
[White "Appel, Ralf"]
[Black "Ipatov, Alexander"]
[Result "1/2-1/2"]
[WhiteElo "2525"]
[BlackElo "2591"]
[PlyCount "108"]
[EventDate "2013.??.??"]

1. Nf3 Nf6 2. d4 b6 3. Bg5 Bb7 4. Nbd2 e6 5. e4 h6 6. Bxf6 Qxf6 7. Bd3 Nc6 8.
c3 e5 9. d5 Ne7 10. h4 c6 11. c4 Nc8 12. a3 Nd6 13. b4 Bc8 14. Rc1 Nb7 15. O-O
c5 16. Qb3 Be7 17. Qc3 d6 18. Bc2 Bd7 19. Rfe1 g5 20. hxg5 hxg5 21. Nf1 O-O-O
22. Ng3 Rh7 23. Nf5 Rdh8 24. Kf1 Bf8 25. g4 Rh3 26. Kg2 Be7 27. Qe3 R8h7 28.
Rh1 Rxh1 29. Rxh1 Rxh1 30. Kxh1 Bd8 31. Kg2 Kb8 32. Qc1 cxb4 33. axb4 a5 34.
Qa3 Bc7 35. Nd2 axb4 36. Qxb4 Nc5 37. Nb3 Nb7 38. Qc3 Bxf5 39. exf5 Qh8 40. Qe3
f6 41. Nd2 Nc5 42. Ne4 Qh4 43. Bd1 Nxe4 44. Qxe4 Qh7 45. Qb1 Qd7 46. Qb4 b5 47.
Ba4 Ba5 48. Qb2 Bb6 49. Bxb5 Qa7 50. Ba4 Qa5 51. Bb5 Qe1 52. c5 Bxc5 53. Bc6+
Qb4 54. Qxb4+ Bxb4 1/2-1/2

[Event "BL 1213 SV Wattenscheid - Turm Emsdette"]
[Site "?"]
[Date "2013.03.16"]
[Round "11.5"]
[White "Yilmaz, Mustafa"]
[Black "Handke, Florian"]
[Result "1/2-1/2"]
[WhiteElo "2545"]
[BlackElo "2556"]
[PlyCount "150"]
[EventDate "2013.??.??"]

1. d4 d5 2. c4 c6 3. Nf3 Nf6 4. Nc3 a6 5. a4 e6 6. g3 Nbd7 7. Bg2 Bb4 8. O-O a5
9. Ne5 Nxe5 10. dxe5 Nd7 11. e4 d4 12. Qxd4 Bc5 13. Qd1 h5 14. Qe2 Nxe5 15. Bf4
f6 16. Kh1 Qd3 17. Bxe5 Qxe2 18. Nxe2 fxe5 19. Rad1 h4 20. Rd3 b5 21. cxb5 cxb5
22. axb5 Bd7 23. Nc3 Ke7 24. f4 Bd4 25. fxe5 Bxe5 26. Rfd1 Be8 27. Kg1 hxg3 28.
hxg3 Rb8 29. Bf1 Rh6 30. Kg2 Bh5 31. Rd7+ Kf6 32. R1d2 Rbh8 33. Rd8 Be8 34. Kf2
Ke7 35. Ra8 Rh2+ 36. Bg2 Rf8+ 37. Kg1 Bxg3 38. Ra7+ Kf6 39. Rd3 Bf4 40. Rf3 Ke5
41. b6 Rhh8 42. Rxa5+ Kd6 43. e5+ Ke7 44. Ne4 Bh2+ 45. Kf2 Bd7 46. Ke2 Rxf3 47.
Bxf3 Rb8 48. Nc5 Rxb6 49. Ra7 Rxb2+ 50. Kd3 Bxe5 51. Nxd7 Kd6 52. Nf8 Rb3+ 53.
Ke2 Rb2+ 54. Kd1 Bf6 55. Ra6+ Ke5 56. Nxe6 Rb3 57. Be2 Rc3 58. Kd2 Rc8 59. Kd3
Rb8 60. Bd1 Rh8 61. Nc7 Rd8+ 62. Ke2 Rb8 63. Bc2 Rh8 64. Re6+ Kd4 65. Re4+ Kc5
66. Ne6+ Kd6 67. Bb3 Rh3 68. Bc2 Rh2+ 69. Kd1 Rh1+ 70. Kd2 Rh2+ 71. Kc1 Rh4 72.
Re2 Be5 73. Nd8 Rh1+ 74. Bd1 Bf4+ 75. Kc2 Rh2 1/2-1/2

[Event "BL 1213 SV Wattenscheid - Turm Emsdette"]
[Site "?"]
[Date "2013.03.16"]
[Round "11.6"]
[White "Holzke, Frank Dr"]
[Black "Burg, Twan"]
[Result "0-1"]
[WhiteElo "2521"]
[BlackElo "2502"]
[PlyCount "102"]
[EventDate "2013.??.??"]

1. c4 Nf6 2. Nc3 e5 3. Nf3 Nc6 4. g3 Nd4 5. Bg2 Nxf3+ 6. Bxf3 Bc5 7. O-O O-O 8.
e3 Re8 9. d4 Bb4 10. dxe5 Bxc3 11. bxc3 Rxe5 12. Rb1 d6 13. Rb5 Qe8 14. Bxb7
Bxb7 15. Rxb7 Qc6 16. Qb3 Nd7 17. Rb4 Nb6 18. c5 Rxc5 19. Rg4 Nd7 20. Ba3 Ne5
21. Rf4 Rxc3 22. Qa4 Nf3+ 23. Kh1 Qd5 24. Bb2 Nd2+ 25. e4 Qc4 26. Qxc4 Rxc4 27.
Re1 Rb8 28. Bc1 Rb1 29. Bxd2 Rxe1+ 30. Bxe1 Rc1 31. Kg2 Rxe1 32. Rf5 Rxe4 33.
Ra5 f5 34. Rxa7 Rc4 35. Ra8+ Kf7 36. h4 d5 37. a4 c5 38. a5 Ra4 39. a6 c4 40.
a7 d4 41. Kf3 c3 42. Rd8 Rxa7 43. Rxd4 Rc7 44. Rd1 c2 45. Rc1 Kf6 46. Ke2 Ke5
47. Kd3 f4 48. g4 f3 49. Re1+ Kd5 50. Rc1 Rc8 51. g5 g6 0-1

[Event "BL 1213 SV Wattenscheid - Turm Emsdette"]
[Site "?"]
[Date "2013.03.16"]
[Round "11.7"]
[White "Zumsande, Martin"]
[Black "Henrichs, Thomas"]
[Result "1/2-1/2"]
[WhiteElo "2418"]
[BlackElo "2505"]
[PlyCount "99"]
[EventDate "2013.??.??"]

1. e4 d6 2. d4 Nf6 3. Nc3 g6 4. f4 Bg7 5. Nf3 O-O 6. Be2 c5 7. dxc5 Qa5 8. O-O
Qxc5+ 9. Kh1 b6 10. Bd3 Bb7 11. Qe1 Nbd7 12. Be3 Qc6 13. Qh4 e6 14. Rae1 a6 15.
Re2 b5 16. a3 Qc7 17. Ng5 h6 18. Nf3 Rae8 19. h3 Qd8 20. Kh2 Nh5 21. Qxd8 Rxd8
22. g4 Nhf6 23. Kg3 Rc8 24. Bd2 Nb6 25. e5 dxe5 26. Nxe5 Rfd8 27. f5 exf5 28.
gxf5 Rc5 29. Ng4 Nxg4 30. hxg4 Nc4 31. fxg6 fxg6 32. Bc1 Ne5 33. Be4 Bc8 34.
Be3 Rxc3 35. bxc3 Bxg4 36. Rd2 Rxd2 37. Bxd2 Be6 38. Be3 g5 39. Rd1 Nc4 40.
Rd8+ Kf7 41. Bd4 h5 42. Ra8 h4+ 43. Kf2 Bxd4+ 44. cxd4 Nd6 45. Bg2 Bc8 46. Ra7+
Kf6 47. Rh7 Bf5 48. Ra7 Bc8 49. Rh7 Bf5 50. Ra7 1/2-1/2

[Event "BL 1213 SV Wattenscheid - Turm Emsdette"]
[Site "?"]
[Date "2013.03.16"]
[Round "11.8"]
[White "Dinstuhl, Volkmar Dr"]
[Black "Fiebig, Thomas"]
[Result "1/2-1/2"]
[WhiteElo "2409"]
[BlackElo "2402"]
[PlyCount "84"]
[EventDate "2013.??.??"]

1. d4 d5 2. c4 e6 3. Nc3 c5 4. cxd5 exd5 5. Nf3 Nc6 6. g3 Nf6 7. Bg2 c4 8. O-O
Be7 9. Bg5 O-O 10. Ne5 Be6 11. f4 h6 12. Bxf6 Bxf6 13. Qd2 Ne7 14. e4 Bxe5 15.
fxe5 Qd7 16. Rad1 Rad8 17. exd5 Bxd5 18. Ne4 Bxe4 19. Bxe4 Nc6 20. Qc3 Nxd4 21.
Qxc4 b5 22. Qc5 Ne6 23. Rxd7 Nxc5 24. Rxd8 Rxd8 25. Bc6 b4 26. Rc1 Ne6 27. Bb7
Kf8 28. Rc2 Rb8 29. Bd5 Rb5 30. Bxe6 fxe6 31. Rc8+ Kf7 32. Rc7+ Kg6 33. Rxa7
Rd5 34. Re7 Kf5 35. Rxg7 Rd1+ 36. Kg2 Rd2+ 37. Kh3 Rxb2 38. Rb7 Kxe5 39. g4 Kf4
40. Rf7+ Ke5 41. Rb7 Kf4 42. Rf7+ Ke5 1/2-1/2

[Event "BL 1213 Hamburger SK - SC Eppingen"]
[Site "?"]
[Date "2013.03.16"]
[Round "11.1"]
[White "Tiviakov, Sergei"]
[Black "Ernst, Sipke"]
[Result "1/2-1/2"]
[WhiteElo "2659"]
[BlackElo "2554"]
[PlyCount "128"]
[EventDate "2013.??.??"]

1. e4 e5 2. Bc4 Nf6 3. d3 Nc6 4. Nf3 Bc5 5. c3 O-O 6. b4 Bb6 7. a4 a6 8. O-O h6
9. Na3 d5 10. exd5 Nxd5 11. Qb3 Nf6 12. Re1 Bf5 13. a5 Ba7 14. Be3 Bxe3 15.
Rxe3 Qd6 16. Rae1 Rae8 17. Nd2 Nh5 18. Ne4 Qg6 19. Nc5 Bc8 20. d4 Nf4 21. g3
Nh3+ 22. Kf1 Qh5 23. Be2 Qf5 24. Rf3 Qg6 25. Bd3 Qh5 26. Rfe3 Nxf2 27. Kxf2
Qxh2+ 28. Kf3 h5 29. Re4 Bg4+ 30. Ke3 exd4+ 31. cxd4 Qxg3+ 32. Kd2 Nxd4 33.
Rxe8 Nxb3+ 34. Nxb3 g6 35. R8e3 Qd6 36. Kc3 Rd8 37. Nc4 Qf6+ 38. Ne5 Rd5 39.
Bc4 Rxe5 40. Rxe5 h4 41. Nd4 Kg7 42. Re7 Qd6 43. Rxf7+ Kh6 44. Re4 Qg3+ 45. Bd3
h3 46. Rf6 h2 47. Rxg6+ Kxg6 48. Rxg4+ Kf6 49. Rxg3 h1=Q 50. Rf3+ Ke7 51. Rf1
Qh8 52. Bc4 Kd7 53. Be6+ Kd8 54. Rf7 Qe5 55. Kc4 Qe1 56. Bg4 Qc1+ 57. Kd5 Qg5+
58. Bf5 Qd2 59. Rg7 Qa2+ 60. Ke5 Qh2+ 61. Kd5 Qa2+ 62. Kc5 Qf2 63. Rg8+ Ke7 64.
Rg7+ Kd8 1/2-1/2

[Event "BL 1213 Hamburger SK - SC Eppingen"]
[Site "?"]
[Date "2013.03.16"]
[Round "11.2"]
[White "Hansen, Sune Berg"]
[Black "Balogh, Csaba"]
[Result "1/2-1/2"]
[WhiteElo "2566"]
[BlackElo "2664"]
[PlyCount "41"]
[EventDate "2013.??.??"]

1. e4 e5 2. Nf3 Nc6 3. Bb5 Nf6 4. d3 d6 5. O-O Be7 6. Re1 O-O 7. c3 Bd7 8. Nbd2
Re8 9. Nf1 Bf8 10. Ng3 h6 11. h3 Ne7 12. Bxd7 Qxd7 13. d4 Ng6 14. Be3 b5 15. a4
a6 16. Qc2 c6 17. b4 Qc7 18. dxe5 dxe5 19. Ra2 c5 20. Rea1 bxa4 21. bxc5
1/2-1/2

[Event "BL 1213 Hamburger SK - SC Eppingen"]
[Site "?"]
[Date "2013.03.16"]
[Round "11.3"]
[White "Postny, Evgeny"]
[Black "Svane, Rasmus"]
[Result "1/2-1/2"]
[WhiteElo "2647"]
[BlackElo "2394"]
[PlyCount "95"]
[EventDate "2013.??.??"]

1. d4 Nf6 2. c4 e6 3. Nf3 d5 4. g3 Bb4+ 5. Bd2 Be7 6. Bg2 O-O 7. O-O c6 8. Bf4
Nbd7 9. Nc3 dxc4 10. e4 Re8 11. a4 a5 12. Re1 Bb4 13. Qe2 b5 14. axb5 Bxc3 15.
bxc3 cxb5 16. Reb1 Qb6 17. Nd2 Qa6 18. Be3 Bb7 19. f4 Qc6 20. g4 b4 21. cxb4
axb4 22. Rxa8 Rxa8 23. g5 c3 24. gxf6 cxd2 25. Qxd2 Nxf6 26. Qxb4 Bc8 27. d5
exd5 28. exd5 Qe8 29. Bd4 Ra4 30. Qc3 Bf5 31. Re1 Qd8 32. Bxf6 gxf6 33. Qg3+
Kf8 34. Kh1 Qd6 35. Qh4 Kg7 36. Qg3+ Bg6 37. Rf1 Ra3 38. Qg4 Qb4 39. Rd1 Qa4
40. h3 h5 41. Qe2 Ra2 42. Qe1 Qxf4 43. d6 Rxg2 44. Kxg2 Be4+ 45. Kg1 Qg5+ 46.
Kf2 Qf4+ 47. Kg1 Qg5+ 48. Kf2 1/2-1/2

[Event "BL 1213 Hamburger SK - SC Eppingen"]
[Site "?"]
[Date "2013.03.16"]
[Round "11.4"]
[White "Ftacnik, Lubomir Dr"]
[Black "Ruck, Robert"]
[Result "1/2-1/2"]
[WhiteElo "2547"]
[BlackElo "2567"]
[PlyCount "57"]
[EventDate "2013.??.??"]

1. c4 c5 2. Nf3 Nf6 3. Nc3 Nc6 4. d4 cxd4 5. Nxd4 e6 6. a3 Be7 7. e4 O-O 8. Nf3
Qa5 9. Bd2 Qh5 10. Be2 d5 11. exd5 exd5 12. O-O dxc4 13. Qa4 Bd6 14. Qxc4 Be6
15. Qb5 Nd4 16. Qxh5 Nxe2+ 17. Nxe2 Nxh5 18. Nfd4 Bc4 19. Rac1 Rfc8 20. Rfe1
Nf6 21. Nf5 Bf8 22. Nf4 Bb3 23. Bc3 Nd5 24. Nxd5 Bxd5 25. Ne7+ Bxe7 26. Rxe7
Re8 27. Rce1 Rxe7 28. Rxe7 Bc6 29. f3 1/2-1/2

[Event "BL 1213 Hamburger SK - SC Eppingen"]
[Site "?"]
[Date "2013.03.16"]
[Round "11.5"]
[White "Medvegy, Zoltan"]
[Black "Rogozenco, Dorian"]
[Result "1/2-1/2"]
[WhiteElo "2561"]
[BlackElo "2503"]
[PlyCount "44"]
[EventDate "2013.??.??"]

1. c4 g6 2. Nc3 Bg7 3. g3 e5 4. Bg2 Ne7 5. e4 O-O 6. Nge2 d6 7. d4 exd4 8. Nxd4
Nec6 9. Nde2 a5 10. Rb1 Re8 11. O-O Nd7 12. b3 Nc5 13. Be3 Bg4 14. f3 Bd7 15.
Qd2 f5 16. Rbd1 Be6 17. exf5 Bxf5 18. Nd5 Nb4 19. Nxb4 axb4 20. Nf4 Rxa2 21.
Qxa2 Rxe3 22. Qf2 Re8 1/2-1/2

[Event "BL 1213 Hamburger SK - SC Eppingen"]
[Site "?"]
[Date "2013.03.16"]
[Round "11.6"]
[White "Mueller, Karsten Dr"]
[Black "Braun, Arik"]
[Result "1-0"]
[WhiteElo "2529"]
[BlackElo "2556"]
[PlyCount "139"]
[EventDate "2013.??.??"]

1. e4 e6 2. d4 d5 3. Nc3 Bb4 4. exd5 exd5 5. Bd3 Qf6 6. Nge2 Ne7 7. O-O Bg4 8.
Nb5 Ba5 9. f3 Bf5 10. Bf4 Kd7 11. g4 Bxd3 12. Qxd3 Nbc6 13. c4 a6 14. Na3 Bb6
15. c5 Ba7 16. Nc2 h5 17. Ne3 Rae8 18. Rad1 Qg6 19. Nc3 Qxd3 20. Rxd3 Nb4 21.
Rd2 Ng6 22. Ng2 b6 23. a3 Nc6 24. Nxd5 bxc5 25. dxc5 Bxc5+ 26. Kh1 Nxf4 27.
Ngxf4 Bd6 28. Nxh5 Rhg8 29. Rfd1 Kc8 30. Rc2 Kb7 31. Kg2 Re5 32. Ng3 Rh8 33. h3
Rd8 34. Rd3 Ne7 35. Rb3+ Kc8 36. Nb6+ Kb7 37. Nd5+ Kc8 38. Nb6+ Kb7 39. Nc4+
Rb5 40. Rxb5+ axb5 41. Nxd6+ Rxd6 42. Ne4 Rd4 43. Ng5 Nd5 44. Kg3 f5 45. gxf5
Rf4 46. Ne6 Rxf5 47. Rc5 Kb6 48. b4 Rf6 49. Nd4 Rg6+ 50. Kf2 c6 51. Nxc6 Nf4
52. Ne5 Nxh3+ 53. Ke3 Rg1 54. Nd7+ Ka6 55. Nb8+ Kb6 56. Nd7+ Ka6 57. Rh5 Ng5
58. Kf2 Nxf3 59. Kxf3 Ra1 60. Nc5+ Kb6 61. Rg5 Rxa3+ 62. Ke4 Ra1 63. Rg6+ Kc7
64. Rxg7+ Kc6 65. Rg6+ Kc7 66. Ne6+ Kb7 67. Kd5 Rc1 68. Nc5+ Kc7 69. Rg7+ Kb6
70. Rb7# 1-0

[Event "BL 1213 Hamburger SK - SC Eppingen"]
[Site "?"]
[Date "2013.03.16"]
[Round "11.7"]
[White "Guliyev, Namig"]
[Black "Van Delft, Merijn"]
[Result "1-0"]
[WhiteElo "2546"]
[BlackElo "2395"]
[PlyCount "81"]
[EventDate "2013.??.??"]

1. e4 c5 2. Nf3 d6 3. d4 cxd4 4. Nxd4 Nf6 5. Nc3 a6 6. Be3 Ng4 7. Bg5 h6 8. Bh4
g5 9. Bg3 Bg7 10. h3 Nf6 11. Be2 Qb6 12. Nb3 Nc6 13. Qd2 Be6 14. f3 Rc8 15. Bf2
Qc7 16. h4 g4 17. O-O-O h5 18. Kb1 b5 19. Rhe1 Ne5 20. a3 Bc4 21. f4 Bxe2 22.
fxe5 Bxd1 23. exf6 Bxc2+ 24. Qxc2 Bxf6 25. Bd4 Bxd4 26. Nxd4 Qc5 27. Qd2 e6 28.
Nc2 a5 29. e5 d5 30. Qf4 Qc4 31. Qf6 Rh7 32. Rd1 Qc5 33. Nd4 b4 34. Ncb5 Kd7
35. Nd6 Rb8 36. a4 b3 37. Nxf7 Qe7 38. Qxe7+ Kxe7 39. Nc6+ Kxf7 40. Nxb8 Kg6
41. Nc6 1-0

[Event "BL 1213 Hamburger SK - SC Eppingen"]
[Site "?"]
[Date "2013.03.16"]
[Round "11.8"]
[White "Berger, Steve"]
[Black "Dekan, Hans"]
[Result "1-0"]
[WhiteElo "2400"]
[BlackElo "2169"]
[PlyCount "71"]
[EventDate "2013.??.??"]

1. e4 c5 2. Nf3 Nc6 3. Bb5 Nd4 4. Nc3 e6 5. Bc4 a6 6. Nxd4 cxd4 7. Ne2 b5 8.
Bb3 Bb7 9. d3 Bc5 10. O-O Ne7 11. Ng3 O-O 12. Qh5 Rc8 13. f4 g6 14. Qe2 f5 15.
Kh1 Kg7 16. Bd2 Ng8 17. exf5 gxf5 18. Nh5+ Kh6 19. c3 Qh4 20. Bd1 Nf6 21. Nxf6
Rxf6 22. Qe1 Bxg2+ 23. Kxg2 Rg8+ 24. Kh1 Qh3 25. Bf3 Rfg6 26. Qe2 dxc3 27. bxc3
Rg3 28. d4 Bd6 29. Rg1 R8g6 30. Rxg3 Rxg3 31. Bg2 Qh4 32. Qf2 Rg4 33. Qxh4+
Rxh4 34. Bb7 Rh3 35. Bxa6 Rd3 36. Rd1 1-0

[Event "BL 1213 SK Norderstedt - SV Hockenheim"]
[Site "?"]
[Date "2013.03.16"]
[Round "11.1"]
[White "Buhmann, Rainer"]
[Black "Kopylov, Mihail"]
[Result "1/2-1/2"]
[WhiteElo "2584"]
[BlackElo "2473"]
[PlyCount "77"]
[EventDate "2013.??.??"]

1. Nf3 f5 2. g3 Nf6 3. Bg2 g6 4. O-O Bg7 5. d4 O-O 6. c4 d6 7. Nc3 Qe8 8. Re1
Qf7 9. Ng5 Qxc4 10. e4 fxe4 11. Ngxe4 Nxe4 12. Rxe4 Qf7 13. Rf4 Bf6 14. Nd5 Na6
15. Qb3 c6 16. Nxf6+ exf6 17. Rxf6 Qxb3 18. Rxf8+ Kxf8 19. axb3 d5 20. Bf4 Kf7
21. Bd6 Bf5 22. Bf1 Ke6 23. Ba3 Kd7 24. Bxa6 bxa6 25. Bc5 Bd3 26. Re1 Re8 27.
Re5 Rxe5 28. dxe5 Ke6 29. f4 g5 30. Kf2 gxf4 31. gxf4 a5 32. Bxa7 Bc2 33. Bb6
Bxb3 34. Bxa5 c5 35. Bb6 c4 36. Ke3 Bc2 37. Kd4 Bf5 38. Ba5 Bb1 39. Bd2 1/2-1/2

[Event "BL 1213 SK Norderstedt - SV Hockenheim"]
[Site "?"]
[Date "2013.03.16"]
[Round "11.2"]
[White "Feuerstack, Aljoscha"]
[Black "Lenic, Luka"]
[Result "1/2-1/2"]
[WhiteElo "2421"]
[BlackElo "2633"]
[PlyCount "55"]
[EventDate "2013.??.??"]

1. e4 c6 2. Nc3 d5 3. Nf3 Bg4 4. h3 Bxf3 5. Qxf3 e6 6. Be2 Nf6 7. O-O Bc5 8.
Rd1 Bd4 9. exd5 cxd5 10. Nb5 Nc6 11. Qa3 Be5 12. d4 Bb8 13. c4 a6 14. Nc3 dxc4
15. d5 exd5 16. Nxd5 Nxd5 17. Bxc4 Nce7 18. Qb3 Qc7 19. Bxd5 Nxd5 20. Qxd5 Qh2+
21. Kf1 O-O 22. Be3 Be5 23. Ke2 Bf6 24. Kf3 Qb8 25. Bf4 Qa7 26. Be3 Qb8 27. Bf4
Qa7 28. Be3 1/2-1/2

[Event "BL 1213 SK Norderstedt - SV Hockenheim"]
[Site "?"]
[Date "2013.03.16"]
[Round "11.3"]
[White "Baramidze, David"]
[Black "Petrosian, Suren"]
[Result "1-0"]
[WhiteElo "2615"]
[BlackElo "2384"]
[PlyCount "79"]
[EventDate "2013.??.??"]

1. d4 Nf6 2. c4 c5 3. d5 b5 4. cxb5 a6 5. bxa6 g6 6. Nc3 Bxa6 7. Nf3 d6 8. e4
Bxf1 9. Kxf1 Bg7 10. g3 O-O 11. Kg2 Nbd7 12. a4 Qb6 13. Qe2 Ne8 14. Bg5 Nc7 15.
a5 Qa6 16. Bxe7 Rfb8 17. Qd2 f6 18. Qf4 Ne8 19. Qg4 Qc8 20. Qe6+ Kh8 21. h4 h5
22. e5 dxe5 23. Qf7 Kh7 24. Ne4 Ra6 25. Rac1 Rxb2 26. Bxc5 Nxc5 27. Nxc5 Nd6
28. Nxa6 Qg4 29. Qc7 Ne4 30. Rc2 Rb3 31. Nh2 Rxg3+ 32. fxg3 Qxg3+ 33. Kf1 Qh3+
34. Ke1 Qxh4+ 35. Kd1 Ng3 36. Qc4 e4 37. Rg1 Nf5 38. Re2 Bh6 39. Qxe4 Qh3 40.
Nf3 1-0

[Event "BL 1213 SK Norderstedt - SV Hockenheim"]
[Site "?"]
[Date "2013.03.16"]
[Round "11.5"]
[White "Ribli, Zoltan"]
[Black "Polischuk, Viktor"]
[Result "1/2-1/2"]
[WhiteElo "2554"]
[BlackElo "2312"]
[PlyCount "62"]
[EventDate "2013.??.??"]

1. Nf3 Nf6 2. c4 c5 3. Nc3 e6 4. e4 Nc6 5. Be2 e5 6. O-O d6 7. d3 g6 8. a3 Bg7
9. b4 O-O 10. Nd5 Nxd5 11. cxd5 Nd4 12. bxc5 dxc5 13. Nxd4 exd4 14. Bf4 f5 15.
Bd2 c4 16. dxc4 fxe4 17. Rb1 Qh4 18. Qe1 b6 19. Bb4 Rf7 20. Bd6 Bf5 21. Bg3 Qg5
22. h4 Qf6 23. Bd1 Bh6 24. Ba4 e3 25. fxe3 Bxe3+ 26. Kh1 Qe7 27. d6 Qe4 28. Rb2
Raf8 29. Kh2 d3 30. Bc6 Qd4 31. Bd5 d2 1/2-1/2

[Event "BL 1213 SK Norderstedt - SV Hockenheim"]
[Site "?"]
[Date "2013.03.16"]
[Round "11.6"]
[White "Jochens, Arne"]
[Black "Miroshnichenko, Evgenij"]
[Result "1/2-1/2"]
[WhiteElo "2298"]
[BlackElo "2628"]
[PlyCount "139"]
[EventDate "2013.??.??"]

1. c4 g6 2. Nc3 Bg7 3. g3 e6 4. Bg2 Ne7 5. e4 c5 6. Nge2 Nbc6 7. d3 O-O 8. Be3
Nd4 9. Qd2 a6 10. h4 Nec6 11. h5 Re8 12. hxg6 hxg6 13. Bh6 Bf6 14. Nxd4 cxd4
15. Ne2 b5 16. c5 e5 17. a3 d6 18. cxd6 Qxd6 19. Bh3 Bd8 20. Kf1 Be6 21. Bxe6
Qxe6 22. f3 Ra7 23. Kg2 f6 24. Rh2 Rh7 25. Rah1 Kf7 26. Qc2 Reh8 27. Bd2 Rxh2+
28. Rxh2 Rxh2+ 29. Kxh2 Be7 30. Nc1 Ke8 31. Qb3 Qxb3 32. Nxb3 Bd8 33. Nc5 a5
34. a4 bxa4 35. Nxa4 Be7 36. b3 Bb4 37. Bc1 Kd7 38. Kg2 Nd8 39. Kf1 Kc6 40. Ke2
Kb5 41. Kd1 Ne6 42. Ke2 Be7 43. Bd2 f5 44. exf5 gxf5 45. g4 f4 46. Be1 Bf8 47.
Kd1 Ng5 48. Ke2 Ne6 49. Kd1 Ba3 50. Bh4 e4 51. dxe4 Kb4 52. Kc2 d3+ 53. Kxd3
Kxb3 54. Nb6 Bb2 55. Be7 a4 56. Nc4 a3 57. Nxa3 Bxa3 58. Bxa3 Kxa3 59. e5 Ng5
60. e6 Nxe6 61. Ke4 Kb4 62. Ke5 Nf8 63. Kxf4 Kc5 64. Ke5 Ng6+ 65. Kf6 Nh4 66.
f4 Kd5 67. f5 Ke4 68. Kg5 Nf3+ 69. Kg6 Kf4 70. Kh5 1/2-1/2

[Event "BL 1213 SK Norderstedt - SV Hockenheim"]
[Site "?"]
[Date "2013.03.16"]
[Round "11.7"]
[White "Rau, Hannes"]
[Black "Michna, Christian"]
[Result "1-0"]
[WhiteElo "2438"]
[BlackElo "2279"]
[PlyCount "71"]
[EventDate "2013.??.??"]

1. d4 Nf6 2. c4 g6 3. Nc3 Bg7 4. e4 d6 5. Nf3 O-O 6. Be2 Bg4 7. Be3 Nfd7 8. Qd2
Nc6 9. d5 Bxf3 10. Bxf3 Na5 11. Be2 c5 12. h4 Ne5 13. b3 e6 14. h5 exd5 15.
exd5 f5 16. Rc1 b6 17. hxg6 hxg6 18. f4 Nd7 19. g4 Qe7 20. gxf5 gxf5 21. Kf2
Nf6 22. Rcg1 Rae8 23. Rg3 Nb7 24. Qd3 Ne4+ 25. Nxe4 fxe4 26. Qd1 Qe5 27. Rh4
Rf5 28. Qh1 Kf8 29. Qh3 Re7 30. Kg2 Qf6 31. Bg4 Qb2+ 32. Kh1 Rff7 33. Be6 Nd8
34. Rxg7 Kxg7 35. Rg4+ Kf8 36. Qh6+ 1-0

[Event "BL 1213 SK Norderstedt - SV Hockenheim"]
[Site "?"]
[Date "2013.03.16"]
[Round "11.8"]
[White "Kues, Hendrik"]
[Black "Wagner, Dennis"]
[Result "0-1"]
[WhiteElo "2134"]
[BlackElo "2456"]
[PlyCount "49"]
[EventDate "2013.??.??"]

1. c4 g6 2. g3 Bg7 3. Bg2 c5 4. Nc3 Nc6 5. a3 d6 6. d3 e6 7. e4 Nge7 8. Nge2 a6
9. Rb1 O-O 10. O-O Bd7 11. b4 Qc7 12. b5 Nd4 13. bxa6 Nxe2+ 14. Nxe2 bxa6 15.
Bd2 Nc6 16. Qc2 Rfb8 17. Bc3 Bxc3 18. Qxc3 Rb6 19. Qa1 Rab8 20. Nc3 Nd4 21. Kh1
Rb3 22. Rfc1 Qa5 23. Rxb3 Rxb3 24. a4 Qb4 25. Nb1 0-1